Jakiej marki jest ten model pojazdu? - Statystyki

Ogólne statystyki
  • Ten quiz został rozwiązany 641 razy
  • Średni wynik to 10 z 15
Statystyki odpowiedzi
Model Marka % Poprawnych
Astra Opel
97%
126P Fiat
94%
Clio Renault
92%
Leon Seat
91%
Polo Volkswagen
89%
Duster Dacia
87%
C4 Cactus Citroen
85%
206 Peugeot
82%
Giulietta Alfa Romeo
71%
Caro Polonez
55%
6 Mazda
50%
Niva Łada
37%
GranTurismo S Maserati
29%
M20 Warszawa
13%
Regal Buick
11%
Nie znaleziono quizów pasujących do podanych kryteriów
Rozkład punktacji
Procent ludzi z każdym wynikiem
Percentyl według liczby udzielonych odpowiedzi
Twoja historia wyników
Nie rozwiązałeś tego quizu